000 00590nam a2200169 a 4500
008 121114s1963 ||||||||||||||||| || u
050 _aLB 1025 Hig
100 _aHighet, Gilbert
245 1 4 _aThe art of teaching
_cby Gilbert Highet
260 _aLondon, UK:
_bMethuen & co
_c1963
300 _aix, 266p.
500 _aIncludes Bibliography
650 0 _aTEACHING
650 _aTEACHERS--RATING OF
650 _aTEACHERS--TRAINING OF
995 _aSPECIAL COLLECTIONS
_e500299
_FCBU-DAG HAMMARSKJOLD INSTITUTE LIBRARY
_jDAG LB 1025 Hig
_M1
_UAVAILABLE
_WNov 28, 2012
_y500299
_ZDHIPS Book Collection
999 _c110
_d110